[Event "Challenge"]
[Site "http://www.queenalice.com/game.php?id=737309"]
[Date "2010.2.25"]
[Round "-"]
[White "Jeferson007"]
[Black "AwesomeOlga"]
[Result "0-1"]
[WhiteElo "1744"]
[BlackElo "1657"]

1. e4 e5 2. c4 Nf6 3. d4 d6 4. d5 Nxe4 5. Qf3 f5 6. Bd3 Nc5 7. Bc2 e4 8. Qf4 g5
9. Qe3 Bg7 10. Nc3 Nba6 11. a3 Qe7 12. Nge2 f4 13. Qd2 e3 14. fxe3 fxe3 15. Qd1
g4 16. Bxe3 Qxe3 17. h3 g3 18. Bb1 Qf2+ 19. Kd2 Bxc3+ 20. Kxc3 Bd7 21. Bc2 O-O-O
22. b4 Rde8 23. bxc5 Rxe2 24. cxd6 Nc5 25. a4 Qe3+ 26. Kb2 Nd3+ 27. Ka2 Nb4+ 28.
Kb2 Rxc2+ 29. Qxc2 Nxc2 30. Rac1 Nb4 31. Rhe1 Nd3+ 32. Ka2 Nxc1+ 33. Rxc1 Qxc1
34. Kb3 Qd1+ 35. Kc3 Qxa4 36. Kd4 cxd6 37. h4 Qd1+ 38. Kc3 Ba4 39. Kb4 Qb3+ 40.
Ka5 Qxc4 41. h5 Qb5# 0-1

[Event "Challenge"]
[Site "http://www.queenalice.com/game.php?id=737310"]
[Date "2010.2.25"]
[Round "-"]
[White "AwesomeOlga"]
[Black "Jeferson007"]
[Result "1-0"]
[WhiteElo "1681"]
[BlackElo "1733"]

1. d4 d5 2. Nc3 Qd6 3. Nf3 Nc6 4. g3 Bf5 5. a3 Nf6 6. Bg5 Nd7 7. Nb5 Qg6 8.
Nxc7+ Kd8 9. Nxa8 f6 10. Bf4 e5 11. dxe5 fxe5 12. Bg5+ Be7 13. Bxe7+ Nxe7 14.
Qd2 b6 15. Qc3 Ke8 16. Nc7+ Kf7 17. e3 Rc8 18. h4 Bxc2 19. Nxe5+ Nxe5 20. Qxe5
Kf8 21. Ne6+ Kf7 22. Ng5+ Kf8 23. h5 Qh6 24. Rh4 Qc6 25. h6 Bf5 26. hxg7+ Kg8
27. Qxe7 Bg6 28. Rxh7 Re8 29. Rh8# 1-0

[Event "Challenge"]
[Site "http://www.queenalice.com/game.php?id=737852"]
[Date "2010.2.26"]
[Round "-"]
[White "Leofelix"]
[Black "AwesomeOlga"]
[Result "1-0"]
[WhiteElo "1533"]
[BlackElo "1699"]

1. e4 e5 2. Nf3 Nc6 3. Nc3 Bb4 4. d4 exd4 5. Nxd4 Nxd4 6. Qxd4 Bxc3+ 7. Qxc3 Qf6
8. Qxc7 a6 9. h4 h6 10. Bc4 Qd4 11. O-O Qxe4 12. g3 Nf6 13. Bf4 b5 14. Rfe1 O-O
15. Rxe4 Nxe4 16. Bd5 Bb7 17. Bxb7 Rae8 18. Re1 Nf6 19. Rxe8 Rxe8 20. Be5 Ng4
21. Bc3 Re2 22. Bf3 Rxf2 23. Bxg4 1-0

[Event "Challenge"]
[Site "http://www.queenalice.com/game.php?id=740207"]
[Date "2010.3.3"]
[Round "-"]
[White "AwesomeOlga"]
[Black "superga49"]
[Result "0-1"]
[WhiteElo "1638"]
[BlackElo "1852"]

1. d4 d5 2. Nc3 Nf6 3. Bg5 e6 4. e3 Be7 5. Nf3 Nbd7 6. Ne5 Nxe5 7. dxe5 Nd7 8.
Bxe7 Qxe7 9. Qg4 O-O 10. Bd3 Nxe5 11. Bxh7+ Kxh7 12. Qh5+ Kg8 13. Qxe5 b6 14.
O-O-O c5 15. Nb5 a5 16. h4 f6 17. Qh5 Bd7 18. Qe2 c4 19. Nc7 Ra7 20. Nxd5 exd5
21. Rxd5 Be6 22. Rb5 Qc7 23. Rh5 c3 24. Qd3 cxb2+ 25. Kxb2 f5 26. e4 Qe5+ 27.
Qc3 Qxc3+ 28. Kxc3 fxe4 29. Re5 Rc7+ 30. Kb2 Bd7 31. Rxe4 Rxf2 32. Rc1 Rxg2 33.
Re7 Kf8 34. Re5 Ba4 35. Ka3 b5 36. Rf1+ Kg8 37. Rf3 Rgxc2 38. Ree3 R7c5 39. Rd3
Rc1 0-1

[Event "Let's Play Chess!"]
[Site "http://www.queenalice.com/game.php?id=740211"]
[Date "2010.3.3"]
[Round "-"]
[White "REDWOLF"]
[Black "AwesomeOlga"]
[Result "1-0"]
[WhiteElo "1439"]
[BlackElo "1646"]

1. e4 e5 2. Nf3 Nc6 3. Bc4 d6 4. O-O Bg4 5. d3 Nd4 6. Nbd2 Qf6 7. Bxf7+ Kxf7 8.
Nxe5+ dxe5 9. Qxg4 Rd8 10. f4 Ke7 11. b3 exf4 12. Rxf4 Qb6 13. Ba3+ Ke8 14.
Rxf8# 1-0

[Event "Challenge"]
[Site "http://www.queenalice.com/game.php?id=741161"]
[Date "2010.3.4"]
[Round "-"]
[White "Jeferson007"]
[Black "AwesomeOlga"]
[Result "1-0"]
[WhiteElo "1566"]
[BlackElo "1666"]

1. e3 e5 2. d3 d5 3. Be2 Nf6 4. Bd2 Bc5 5. c4 d4 6. Qb3 e4 7. exd4 Qxd4 8. Be3
Qe5 9. d4 Bxd4 10. Bxd4 Qxd4 11. Nc3 e3 12. Nf3 exf2+ 13. Kf1 Qe3 14. h4 Bg4 15.
Re1 fxe1=Q+ 16. Kxe1 Nc6 17. Qxb7 O-O 18. Qxc6 Rab8 19. Nd1 Qe7 20. Kd2 Rfd8+
21. Bd3 Qb4+ 22. Kc2 Re8 23. b3 Qa3 24. Nc3 Re3 25. Qxc7 Rbe8 26. Ng5 g6 27.
Qxf7+ Kh8 28. Qxf6+ Kg8 29. Qf7+ Kh8 30. Qxh7# 1-0

[Event "Challenge"]
[Site "http://www.queenalice.com/game.php?id=741162"]
[Date "2010.3.4"]
[Round "-"]
[White "AwesomeOlga"]
[Black "Jeferson007"]
[Result "1-0"]
[WhiteElo "1653"]
[BlackElo "1577"]

1. e4 e5 2. Nf3 d6 3. Nc3 Be6 4. d4 Nc6 5. d5 Nce7 6. dxe6 fxe6 7. Ng5 Ng6 8.
Nb5 Nf6 9. Nxe6 Qd7 10. Nbxc7+ Kf7 11. Nxa8 Qxe6 12. b3 Qd7 13. Bc4+ Ke8 14. Qd3
Be7 15. Bb5 Kf7 16. Bxd7 Nxd7 17. Qd5+ Kf6 18. Nc7 Nb6 19. Qe6# 1-0

[Event "Challenge"]
[Site "http://www.queenalice.com/game.php?id=742056"]
[Date "2010.3.6"]
[Round "-"]
[White "Jeferson007"]
[Black "AwesomeOlga"]
[Result "1-0"]
[WhiteElo "1570"]
[BlackElo "1621"]

1. e3 e5 2. d3 Nc6 3. Be2 Nf6 4. Bd2 Bc5 5. Nc3 d5 6. Nf3 d4 7. exd4 exd4 8. Ne4
Bg4 9. Nh4 Bxe2 10. Qxe2 O-O 11. Nxc5 Re8 12. Be3 dxe3 13. fxe3 Nd5 14. Nf5 Re5
15. Qg4 g6 16. O-O Nxe3 17. Nh6+ Kg7 18. Rxf7+ Kxh6 19. Qh3+ Rh5 20. Qxe3+ Rg5
21. Ne6 Qd5 22. Nxg5 Qxg5 23. Qh3+ Qh5 24. Qd7 Rh8 25. Qxc7 Nd4 26. Raf1 Ne2+
27. Kh1 1-0

[Event "Challenge"]
[Site "http://www.queenalice.com/game.php?id=742057"]
[Date "2010.3.6"]
[Round "-"]
[White "AwesomeOlga"]
[Black "Jeferson007"]
[Result "0-1"]
[WhiteElo "1603"]
[BlackElo "1588"]

1. d4 d6 2. Nf3 e6 3. Nc3 Bd7 4. e4 Be7 5. Bc4 Nf6 6. e5 dxe5 7. dxe5 Ng8 8. Be3
Nc6 9. O-O a6 10. Nd4 Nxe5 11. Qe2 b5 12. Bd3 Nf6 13. Bg5 Nfg4 14. Bxe7 Qxe7 15.
h3 Nh6 16. Qxe5 O-O 17. Ne4 a5 18. Ng3 f6 19. Qe4 g6 20. Qh4 Nf7 21. Rfe1 c6 22.
Ndf5 Qc5 23. Ne3 f5 24. f4 a4 25. Rad1 Bc8 0-1

[Event "Let's Play Chess!"]
[Site "http://www.queenalice.com/game.php?id=742542"]
[Date "2010.3.7"]
[Round "-"]
[White "igorjava"]
[Black "AwesomeOlga"]
[Result "1-0"]
[WhiteElo "1939"]
[BlackElo "1573"]

1. e4 e5 2. f4 Nc6 3. Nf3 exf4 4. d4 d5 5. e5 Bg4 6. Bxf4 Nxd4 7. Qxd4 Bxf3 8.
gxf3 Qh4+ 9. Ke2 O-O-O 10. Be3 Qxd4 11. Bxd4 1-0

[Event "Let's Play Chess!"]
[Site "http://www.queenalice.com/game.php?id=742559"]
[Date "2010.3.7"]
[Round "-"]
[White "AwesomeOlga"]
[Black "SirChristianVince"]
[Result "1-0"]
[WhiteElo "1596"]
[BlackElo "1550"]

1. d4 e6 2. Nf3 Nf6 3. Bg5 h6 4. Bxf6 Qxf6 5. e4 Nc6 6. e5 Qf4 7. a3 d6 8. Bb5
Bd7 9. Nc3 dxe5 10. d5 Nd8 11. Bxd7+ Kxd7 12. dxe6+ Kxe6 13. Qd5+ Kf6 14. Qxb7
Nxb7 15. Nd5+ Kf5 16. Nxf4 exf4 17. O-O-O Bc5 18. Rd7 Bxf2 19. Rxf7+ Kg6 20.
Rxf4 Be3+ 21. Kb1 Bxf4 22. Rd1 Rhd8 23. Rf1 Nc5 24. Nh4+ 1-0

[Event "Let's Play Chess!"]
[Site "http://www.queenalice.com/game.php?id=742561"]
[Date "2010.3.7"]
[Round "-"]
[White "AwesomeOlga"]
[Black "robertson"]
[Result "1-0"]
[WhiteElo "1567"]
[BlackElo "1661"]

1. d4 e6 2. e4 d5 3. e5 c6 4. Nf3 Qa5+ 5. Nc3 Be7 6. Bd3 b5 7. O-O h6 8. Bd2 Bb4
9. Qe1 Ne7 10. a3 Bxc3 11. Bxc3 Qd8 12. a4 bxa4 13. Rxa4 a6 14. Ba5 Qd7 15. Qb4
O-O 16. c4 Re8 17. Qd2 Qb7 18. Rb4 Qa7 19. Bb6 Qd7 20. c5 Bb7 21. Ba5 Qc8 22.
Qf4 Nd7 23. h4 Nf5 24. Bxf5 exf5 25. g4 fxg4 26. Qxg4 Re6 27. h5 Qe8 28. Rxb7
Rb8 29. Rxb8 Qxb8 30. Nh4 Kf8 31. Qf5 Kg8 32. Kh1 Qxb2 33. Ng6 Qxd4 34. Bd8 Qxc5
35. Nh8 Kxh8 36. Qxf7 Nf8 37. Rg1 g6 38. Bf6+ 1-0

[Event "Friends"]
[Site "http://www.queenalice.com/game.php?id=742974"]
[Date "2010.3.8"]
[Round "-"]
[White "AwesomeOlga"]
[Black "ppeteleco"]
[Result "0-1"]
[WhiteElo "1596"]
[BlackElo "2033"]

1. e4 e5 2. Nc3 Nf6 3. Nf3 Nc6 4. Bb5 Bb4 5. Bc4 O-O 6. Ng5 d6 7. Nxf7 Rxf7 8.
Bxf7+ Kxf7 9. O-O Bg4 10. f3 Be6 11. f4 Bg4 12. Qe1 exf4 13. Rxf4 Nd4 14. Qh4
Be6 15. Qh5+ Kg8 16. Qg5 h6 17. Qg6 Bf7 18. Qg3 Nh5 19. Qf2 Nxf4 0-1

[Event "ok"]
[Site "http://www.queenalice.com/game.php?id=742975"]
[Date "2010.3.8"]
[Round "-"]
[White "ppeteleco"]
[Black "AwesomeOlga"]
[Result "1-0"]
[WhiteElo "2008"]
[BlackElo "1646"]

1. e4 e5 2. Nf3 Nc6 3. d4 exd4 4. Nxd4 Bc5 5. Be3 d5 6. Nxc6 bxc6 7. Bxc5 dxe4
8. Qxd8+ Kxd8 9. Nc3 Bf5 10. O-O-O+ Kc8 11. Ba6+ 1-0

[Event "Challenge"]
[Site "http://www.queenalice.com/game.php?id=744085"]
[Date "2010.3.10"]
[Round "-"]
[White "AwesomeOlga"]
[Black "BrooklynBenjamin"]
[Result "0-1"]
[WhiteElo "1592"]
[BlackElo "1524"]

1. e4 c5 2. Bc4 Nc6 3. Nf3 e6 4. d3 d5 5. exd5 exd5 6. Bb3 b5 7. c4 bxc4 8. Ba4
Bd7 9. dxc4 d4 10. O-O Bd6 11. Re1+ Nge7 12. Qd3 Nb4 13. Qe4 Bxa4 14. Ng5 Nc2
15. Re2 Nxa1 16. Qd5 O-O 17. b3 Bc6 18. Ne6 Nxd5 19. Nxd8 Nf4 20. Bxf4 Raxd8 21.
Bxd6 Rxd6 22. Re5 d3 23. Nc3 d2 24. Nd1 Re8 25. Rxe8+ Bxe8 26. Kf1 Re6 0-1

[Event "Vendetta!"]
[Site "http://www.queenalice.com/game.php?id=751333"]
[Date "2010.3.25"]
[Round "-"]
[White "AwesomeOlga"]
[Black "who_dat"]
[Result "1-0"]
[WhiteElo "1611"]
[BlackElo "1892"]

1. d4 d5 2. Nc3 Bf5 3. Nf3 Nc6 4. Bf4 Nb4 5. Rc1 e6 6. a3 Na6 7. e3 Bd6 8. Bxa6
bxa6 9. Bxd6 Qxd6 10. Nh4 Be4 11. Qg4 Nf6 12. Qxg7 O-O-O 13. Qxf6 Bg6 14. O-O
Rhg8 15. Rfe1 Be4 16. Nxe4 dxe4 17. Qxf7 Rdf8 18. Qxh7 Rh8 19. Qxe4 Rfg8 20. c4
e5 21. dxe5 Qh6 22. Qa8+ Kd7 23. Rcd1+ Ke6 24. Qd5+ Ke7 25. Nf5+ 1-0